Statistics for The Only Major League Baseball (MLB) Team

Click here to take the quiz!

General Stats

  • This quiz has been taken 162 times
    (122 since last reset)
  • The average score is 15 of 30

Answer Stats

The only MLB team that ...Team% Correct
had a 107-year drought between World Series championshipsCubs
97%
is based in Canada.Blue Jays
95%
cheated for several seasons by using an extensive sign-stealing scheme replete with trashcan banging.Astros
89%
has a pool beyond the right field fence that can be used by fans during the game.Diamondbacks
85%
had players intentionally lose a World SeriesWhite Sox
85%
has a 34 foot difference between the height of the outfield fence at the left field foul pole and the right field foul pole.Red Sox
82%
had never had a pitcher pitch a no-hitter, until Joe Musgrove accomplished the feat in 2021.Padres
78%
has a white elephant team logo on its jerseys.Athletics
72%
removed the satanic reference from their team name in 2008.Rays
72%
has never played in the World Series.Mariners
71%
has been based in two different countries.Nationals
68%
has won the World Series representing 3 different cities.Braves
62%
has been partially owned by a U.S. president.Rangers
55%
had a team owner who was also the MLB commissioner and orchestrated the transfer of the team from the American League to the National League.Brewers
53%
has lost the Worlds Series a record 14 times.Dodgers
52%
has won the World Series on a game 7 walk-off home run.Pirates
45%
as much as they hate to admit it, started play in 1901 as the Baltimore Orioles before relocating to their current city in 1903.Yankees
43%
lost the first 21 games of a season.Orioles
42%
was once partially owned by Bob Hope, and which broke the color barrier in the American League with Larry Doby in 1947 and the legendary Satchel Paige in 1948.Guardians
38%
is US-based and has won both World Series it has participated inMarlins
38%
holds the Major League record for season attendance with 4,483,350 fans attending their home games which were held in a football stadium during their inaugural season in 1993.Rockies
33%
has had 3 brothers playing the outfield at the same time when Felipe, Matty & Jesus Alou took the field on September 15, 1963.Giants
29%
has retired the "uniform number" of a singing cowboy actor.Angels
24%
still plays in the city where they faced their crosstown rivals in the 1944 World Series. Their opponents moved to Baltimore in 1954.Cardinals
24%
didn't finish last in their division until 1952, which was 51 years after their founding in 1901 as one of the eight charter American League franchises.Tigers
21%
had a pitcher pitch no hitters in consecutive starts when Johnny Vander Meer did it in 1938.Reds
19%
has won two World Series in their current city thanks to one of the largest home-field advantages in MLB history - winning all 8 home games and losing all 6 road games in those two series.Twins
19%
traded a player for himself when, in their debut year of 1962, they acquired Harry Chiti from the Indians for a "player to be named later," who turned out to be Chiti himself when they sent him back to the Indians a few days later.Mets
17%
has retained the same team name since joining the National League in 1890. In fact, it is the oldest continuously run, single-name, single-city franchise in American professional sports.Phillies
15%
was named for a Midwest livestock show.Royals
13%

Score Distribution

Percentile by Number Answered

Percent of People with Each Score

Your Score History

You have not taken this quiz since the last reset